| 000 | 01933nam a2200301 a 4500 | ||
|---|---|---|---|
| 001 | ASIN0521731364 | ||
| 005 | 20170105102926.0 | ||
| 008 | 131212s2009 xxu eng d | ||
| 020 |
_a0521731364 (paperback) _c$32.99 |
||
| 020 | _a9780521731362 (paperback) | ||
| 040 | _a0 | ||
| 050 | 0 | 4 | _aHC427.9 |
| 082 | 0 | 4 |
_a303.48251 _bSHA 2009 |
| 100 | 1 | _aSharma, Shalendra D. | |
| 245 | 1 | 0 |
_aChina and india in the age of globalization / _cShalendra D. Sharma. |
| 250 | _a1st ed. | ||
| 260 |
_a[S.l.] : _bCambridge University Press, _c2009. |
||
| 300 |
_a336 p. ; _c24 cm. |
||
| 520 | _aThe rise of China and India is the story of our times. The unprecedented expansion of their economic and power capabilities raises profound questions for scholars and policymakers. What forces propelled these two Asian giants into global pacesetters, and what does their emergence mean for the United States and the world? With intimate detail, Shalendra D. Sharma's China and India in the Age of Globalization explores how the interplay of socio-historical, political, and economic forces has transformed these once poor agrarian societies into economic powerhouses. Yet, globalization is hardly a seamless process, as the vagaries and uncertainties of globalization also present risks and challenges. This book examines the challenges both countries face and what each must do to strike the balance between reaping the opportunities and mitigating the risks. For the United States, assisting a rising China to become a responsible global stakeholder and fostering peace and stability in the volatile subcontinent will be paramount in the coming years. | ||
| 650 | 0 | _aChina | |
| 650 | 0 | _aEconomic history | |
| 650 | 0 | _aEconomic policy | |
| 650 | 0 | _aGlobalization | |
| 650 | 0 | _aIndia | |
| 650 | 0 | _aRelations (Canon law) | |
| 856 | 4 | 0 |
_3Amazon.com _uhttp://www.amazon.com/exec/obidos/ASIN/0521731364/chopaconline-20 |
| 942 |
_2ddc _cBK |
||
| 999 |
_c15832 _d15832 |
||